Cols hors catégories du tour de France - Statistiques

Statistiques générales
  • Ce quiz a été pris 343 fois
    233 depuis la dernière actualisation
  • Le résultat moyen est 17 sur 59
Statistiques - réponses
Nombre d'ascension Nombre d'arrivée au sommet Chaîne Dernier passage Réponse % Correct
62 3 Pyrénées 2025 Col du Tourmalet
93%
38 1 Alpes 2024 Col du Galibier
86%
19 11 Alpes 2025 Mont Ventoux
85%
32 31 Alpes 2022 Alpe d'Huez
76%
14 14 Massif central 2023 Puy de Dôme
66%
7 7 Pyrénées 2025 Hautacam
65%
28 0 Alpes 2025 Col de la Madeleine
64%
3 2 Alpes 2025 Col de la Loze
63%
6 0 Alpes 2019 Col de l'Iseran
59%
26 1 Alpes 2019 Col d'Izoard
56%
2 2 Alpes 2022 Col du Granon
52%
49 2 Pyrénées 2022 Col d'Aubisque
51%
21 0 Alpes 2022 Col de la Croix de Fer
48%
22 0 Alpes 2025 Col du Glandon
45%
0 0 Alpes 2023 Col de Porte
44%
6 2 Jura 2023 Col du Grand Colombier
43%
5 0 Alpes 2024 Cime de la Bonette
42%
56 0 Pyrénées 2025 Col du Soulor
41%
7 7 Pyrénées 2025 Luchon Superbagnères
37%
9 9 Pyrénées 2021 Luz Ardiden
36%
2 0 Jura 2017 Mont du Chat
36%
5 5 Alpes 2025 La Plagne
35%
23 0 Alpes 2019 Col de Vars
34%
7 7 Pyrénées 2024 Plateau de Beille
33%
2 2 Pyrénées 2021 Col de Portet
32%
13 0 Alpes 2023 Col de Joux Plane
31%
3 0 Alpes 2025 Col du Pré
30%
2 2 Alpes 2019 Val Thorens
28%
2 0 Alpes 2011 Col Agnel
25%
11 11 Pyrénées 2024 Pla d'Adet
22%
6 0 Pyrénées 2020 Port de Balès
20%
2 0 Jura 2020 Col de la Biche
19%
1 1 Alpes 2013 Semnoz
18%
2 2 Alpes 2014 Chamrousse
15%
5 0 Alpes 2009 Col du Grand Saint Bernard
15%
2 1 Pyrénées 2015 La Pierre Saint Martin
15%
2 0 Alpes 2020 Plateau des Glières
15%
5 0 Alpes 1999 Col du Mont Cenis
14%
1 0 Alpes 2008 Col de la Lombarde
13%
2 0 Alpes 2018 Montée de Bisanne
13%
5 0 Pyrénées 2013 Port de Pailhères
13%
9 0 Pyrénées 2023 Col de Soudet
12%
2 0 Pyrénées 2007 Port de Larrau
11%
0 0 Alpes 2017 Col de Sarenne
9%
0 0 Alpes 2022 Plateau de Solaison
9%
3 3 Pyrénées 2016 Andorre Arcalis
8%
1 1 Alpes 2016 Finhaut Emosson
8%
0 0 Alpes 2024 Col du Granier
7%
0 0 Alpes 2014 Col de la Forclaz
6%
0 0 Alpes 2020 Col de Romme
6%
0 0 Alpes 2024 Samoëns 1600
4%
0 0 Massif central 2014 Col du Béal
3%
0 0 Alpes 2023 Col du Mollard
3%
0 0 Alpes 2018 Col du Mont Noir
3%
0 0 Alpes 2024 Collet d'Allevard
2%
1 1 Alpes 1984 La Ruchère en Chartreuse
2%
0 0 Alpes 2019 Montée de Pipay
2%
0 0 Alpes 2025 Valmeinier 1800
1%
0 0 Alpes 2018 Valmorel
1%
Aucun quiz correspondant
Distribution des résultats
% des personnes avec chaque résultat
Percentile par nombre de réponses
Votre historique - résultats
Vous n’avez pas pris ce quiz depuis la dernière actualisation